<?xml version="1.0" encoding="UTF-8"?>
<record
    xmlns:xsi="http://www.w3.org/2001/XMLSchema-instance"
    xsi:schemaLocation="http://www.loc.gov/MARC21/slim http://www.loc.gov/standards/marcxml/schema/MARC21slim.xsd"
    xmlns="http://www.loc.gov/MARC21/slim">

  <leader>00826nam a22002057a 4500</leader>
  <controlfield tag="003">OSt</controlfield>
  <controlfield tag="005">20240724143058.0</controlfield>
  <controlfield tag="008">240715b           ||||| |||| 00| 0 eng d</controlfield>
  <datafield tag="022" ind1=" " ind2=" ">
    <subfield code="a">09748016</subfield>
  </datafield>
  <datafield tag="040" ind1=" " ind2=" ">
    <subfield code="c">AIMIT LIBRARY</subfield>
  </datafield>
  <datafield tag="110" ind1=" " ind2=" ">
    <subfield code="a">Indian Academy School of Management Studies</subfield>
    <subfield code="9">173463</subfield>
  </datafield>
  <datafield tag="245" ind1=" " ind2=" ">
    <subfield code="a">IASMS Journal of Business Spectrum /</subfield>
    <subfield code="c">By Indian Academy School of management Studies.</subfield>
  </datafield>
  <datafield tag="260" ind1=" " ind2=" ">
    <subfield code="a">Bangalore :</subfield>
    <subfield code="b">Indian Academy School of Management Studies ,</subfield>
    <subfield code="c">2013,2014.</subfield>
  </datafield>
  <datafield tag="300" ind1=" " ind2=" ">
    <subfield code="b">HB</subfield>
    <subfield code="c">28cm.</subfield>
  </datafield>
  <datafield tag="440" ind1=" " ind2=" ">
    <subfield code="a">IASMS Journal of Business Spectrum </subfield>
    <subfield code="v">Vol.6 No.1-2013/ Vol.7 No.1-2014</subfield>
    <subfield code="9">173464</subfield>
  </datafield>
  <datafield tag="650" ind1=" " ind2=" ">
    <subfield code="a">Optimal portfolio construction with nifty stocks</subfield>
    <subfield code="9">173465</subfield>
  </datafield>
  <datafield tag="650" ind1=" " ind2=" ">
    <subfield code="a">Analysis of growth pf production of rice</subfield>
    <subfield code="9">173466</subfield>
  </datafield>
  <datafield tag="650" ind1=" " ind2=" ">
    <subfield code="a">Organisational development interventions</subfield>
    <subfield code="9">173467</subfield>
  </datafield>
  <datafield tag="942" ind1=" " ind2=" ">
    <subfield code="2">ddc</subfield>
    <subfield code="c">BV</subfield>
    <subfield code="k">651.7 BUSS</subfield>
  </datafield>
  <datafield tag="999" ind1=" " ind2=" ">
    <subfield code="c">231449</subfield>
    <subfield code="d">231449</subfield>
  </datafield>
  <datafield tag="952" ind1=" " ind2=" ">
    <subfield code="0">0</subfield>
    <subfield code="1">0</subfield>
    <subfield code="2">ddc</subfield>
    <subfield code="4">0</subfield>
    <subfield code="7">0</subfield>
    <subfield code="8">MBA</subfield>
    <subfield code="a">AIMIT</subfield>
    <subfield code="b">AIMIT</subfield>
    <subfield code="c">BV</subfield>
    <subfield code="d">2024-07-15</subfield>
    <subfield code="h">Vol.6 No.1-2013/ Vol.7 No.1-2014</subfield>
    <subfield code="l">0</subfield>
    <subfield code="o">651.7 BUSS</subfield>
    <subfield code="p">BVM876</subfield>
    <subfield code="r">2024-07-15 00:00:00</subfield>
    <subfield code="w">2024-07-15</subfield>
    <subfield code="y">BV</subfield>
  </datafield>
</record>
